[Event "RUS-Cup08"]
[Site "Omsk/Perm"]
[Date "1998.??.??"]
[Round "5"]
[White "Letov, Alexander"]
[Black "Kolmachevskikh, Viktor"]
[Result "0-1"]
[WhiteElo "2300"]
[BlackElo "2280"]
[PlyCount "92"]
[EventDate "1998.??.??"]
[EventType "swiss"]
[EventRounds "9"]
[EventCountry "RUS"]
[SourceTitle "EXT 2000"]
[Source "ChessBase"]
[SourceDate "1999.11.16"]
[SourceVersion "1"]
[SourceVersionDate "1999.11.16"]
[SourceQuality "1"]

1. d4 d5 2. Nf3 e6 3. g3 c6 4. Bg2 Bd6 5. 0-0 Nf6 6. b3 Qe7 7. Bb2 0-0 8. Nbd2 Nbd7 9. c4 Ne4 10. Nxe4 dxe4 11. Nd2 f5 12. e3 Qg5 13. Qe2 Nf6 14. a4 Bc7 15. Ba3 Rf7 16. f3 exf3 17. Bxf3 e5 18. dxe5 Bxe5 19. Rad1 f4 20. Ne4 Nxe4 21. exf4 Bxf4 22. Qxe4 Be3+ 23. Kh1 Bf5 24. Qh4 Qxh4 25. gxh4 Bc2 26. Rde1 Bd4 27. Bg2 Rxf1+ 28. Bxf1 Bxb3 29. Re7 b6 30. a5 b5 31. cxb5 cxb5 32. Kg2 Bf6 33. Rd7 a6 34. h5 Rd8 35. Ra7 Rd2+ 36. Kf3 Bd5+ 37. Kg4 Rd4+ 38. Kf5 Be4+ 39. Ke6 Bd5+ 40. Kf5 Bf3 41. Bh3 Rh4 42. Bf1 Ra4 43. h3 Rxa3 44. Rxa6 Bd8 45. Re6 Kf7 46. Rd6 g6+ 0-1